Szegeden is kitört a női szabómunkások sztrájkja jogtalan a munkások követelése

Elmentve itt :
Bibliográfiai részletek
Dokumentumtípus: Cikk
Megjelent: 1921-10-13
Sorozat:Délmagyarország
Kulcsszavak:Sztrájk munkások
Online Access:http://dmarchiv.bibl.u-szeged.hu/44972
LEADER 00453nab a2200145 i 4500
001 delm44972
005 20180927131927.0
008 180927s1921 hu o 0|| hun d
040 |a SZTE Délmagyarország Archívum  |b hun 
041 |a hun 
245 0 0 |a Szegeden is kitört a női szabómunkások sztrájkja   |h [elektronikus dokumentum] :  |b jogtalan a munkások követelése 
260 |c 1921-10-13 
300 |a 4 
490 0 |a Délmagyarország 
695 |a Sztrájk munkások